LEADER 01256nam a2200229 i 4500 001 000000335624 003 CaOOAMICUS 005 20190730143115.0 008 190730s1890 it a u000 u ita u 013 $a54565 040 $aSeMil$bita 245 10$a6.1: Il commercio e i suoi mezzi. Parte 1., Storia del commercio, navigazione /$cGustavo Strafforello. 264 1$aTorino :$bUnione Tipografico-Editrice,$c1890. 300 $a751 p. :$bill. ;$c27 cm 700 1 $aReuleaux, Franz,$d<1829-1905>.$0(OLS)http://semarc/name/91944 700 1 $aStrafforello, Gustavo,$d<1820-1903>.$0(OLS)http://semarc/name/36027 773 0 $aReuleaux, Franz <1829-1905>$tGrandi scoperte e le loro applicazioni alla fisica, alla chimica, all'architettura, alla meccanica, alla medicina, all'economia domestica, alle arti, al commercio, ecc..$dTorino : Unione Tipografico-Editrice, 1886-1896.$w()335615 850 $aSeMil 852 $aSeMil$W1$xVenegono$y1$m3XB VII 9 FA$j214949$B227517$CSeMilBibl$Z2$F227517 $8I 996 $6245$a6.1: Il commercio e i suoi mezzi. Parte 1., Storia del commercio, navigazione$9(OLS)http://semarc/title/425006 996 $6264$aTorino :$bUnione Tipografico-Editrice$9(OLS)http://semarc/publisher/30119 LEADER 01026nam a2200265 i 4500 001 000000096389 003 CaOOAMICUS 005 20060523000000.0 008 060523s1977 fr u000 u fre u 013 $a68631 020 $a2-02-004643-1 040 $aSeMil$bita 100 1 $aClavel, Maurice <1920-1979>.$0(OLS)http://semarc/name/31636 245 10$aNous l'avons tous tué :$bou, "ce juif de Socrate!..." /$cMaurice Clavel. 260 $aParis :$bÉditions du Seuil,$ccopyr. 1977. 300 $a343 p. ;$c21 cm. 500 $aFondo Ciprandi. 600 04$aSocrate.$0(OLS)http://semarc/subject/3680 850 $aSeMil 852 $aSeMil$W1$xVenegono$y1$m2P I 634$j56108$B56108$CSeMilBibl$Z2$F63990 $81 941 1 $a1 961 $aOmaggio: Ciprandi dott. Paolo 996 $6020$a2-02-004643-1$9(OLS)http://semarc/number/53607 996 $6245$aNous l'avons tous tué :$bou, "ce juif de Socrate!..."$9(OLS)http://semarc/title/119398 996 $6260$aParis :$bÉditions du Seuil$9(OLS)http://semarc/publisher/29806